|
|
|
|
| LEADER |
01573nam a2200397 a 4500 |
| 001 |
000626950 |
| 003 |
CZ BrMZK |
| 005 |
20100924144709.0 |
| 007 |
ta |
| 008 |
021002s2002 xr e p cze d |
| 015 |
|
|
|a cnb001181828
|
| 020 |
|
|
|a 80-7318-075-8
|
| 035 |
|
|
|a (OCoLC)53270191
|
| 040 |
|
|
|a BOA001
|b cze
|
| 072 |
|
7 |
|a 336.7
|x Finance
|2 Konspekt
|9 4
|
| 072 |
|
7 |
|a 37.016
|x Učební osnovy. Vyučovací předměty. Učebnice
|2 Konspekt
|9 22
|
| 080 |
|
|
|a 336
|2 MRF
|
| 080 |
|
|
|a 519.876.5
|2 MRF
|
| 080 |
|
|
|a 330.4
|2 MRF
|
| 080 |
|
|
|a (075.8)
|2 MRF
|
| 100 |
1 |
|
|a Dostál, Petr,
|d 1954-
|7 mzk2005279485
|4 aut
|
| 245 |
1 |
0 |
|a Moderní metody ekonomických analýz :
|b finanční kybernetika /
|c Petr Dostál
|
| 250 |
|
|
|a Vyd. 1.
|
| 260 |
|
|
|a Zlín :
|b Univerzita Tomáše Bati,
|c 2002
|
| 300 |
|
|
|a 110 s. :
|b il. ;
|c 29 cm
|
| 504 |
|
|
|a Obsahuje bibliografii
|
| 650 |
0 |
7 |
|a matematická ekonomie
|7 ph122666
|2 czenas
|
| 650 |
0 |
7 |
|a finance
|7 ph114548
|2 czenas
|
| 650 |
0 |
7 |
|a matematické modelování
|7 ph115240
|2 czenas
|
| 655 |
|
7 |
|a učebnice vysokých škol
|7 fd133772
|2 czenas
|
| 710 |
2 |
|
|a Univerzita Tomáše Bati ve Zlíně.
|b Fakulta managementu a ekonomiky
|7 kn20010709196
|
| 856 |
4 |
1 |
|u http://www.digitalniknihovna.cz/mzk/uuid/uuid:46045b10-0b4f-11e4-8f64-005056827e52
|y Digitalizovaný dokument
|x NDK
|
| 910 |
|
|
|a BOA001
|b 3-1108.338
|
| 990 |
|
|
|a BK
|
| 996 |
6 |
|
|b 2610173347
|c 3-1108.338
|l MZK
|r Sklad / do 1 hodiny
|n 0
|p p.v.
|w 000626950
|u 000010
|a 1
|e BOA001
|j MZK50
|s P
|
| 996 |
7 |
|
|b 2610173482
|c 3-1108.338
|l MZK
|r Sklad / do 1 hodiny
|n 19
|p kup
|w 000626950
|u 000020
|a 1
|e BOA001
|j MZK50
|s A
|